Home reports unpopular with sellers (Record no. 83819)
[ view plain ]
| 000 -LEADER | |
|---|---|
| fixed length control field | 01106cad a22002055a 4500 |
| 001 - CONTROL NUMBER | |
| control field | E155126 |
| 008 - FIXED-LENGTH DATA ELEMENTS--GENERAL INFORMATION | |
| fixed length control field | 120305e20120305xxk f 000 0 eng d |
| 035 ## - SYSTEM CONTROL NUMBER | |
| System control number | (Sirsi) u155126 |
| 041 0# - LANGUAGE CODE | |
| Language code of text/sound track or separate title | eng |
| 110 2# - MAIN ENTRY--CORPORATE NAME | |
| Corporate name or jurisdiction name as entry element | Estate Agent Today |
| 9 (RLIN) | 5997 |
| 245 00 - TITLE STATEMENT | |
| Title | Home reports unpopular with sellers |
| Remainder of title | sounds familiar? |
| Medium | [electronic resource] |
| 260 ## - PUBLICATION, DISTRIBUTION, ETC. | |
| Date of publication, distribution, etc. | 2012 |
| 490 #0 - SERIES STATEMENT | |
| Series statement | Estate Agent Today News |
| Volume/sequential designation | 5 March 2012 |
| 520 ## - SUMMARY, ETC. | |
| Summary, etc. | Research carried out by the Edinburgh Solicitors Property Centre suggests that 65% sellers believe that Home Reports are not helpful. Buyers are still carrying out their own surveys, despite one being included in the Home Report, either because they do not trust the seller's survey or because, in a slow market, lenders consider the survey to be out of date and ask for a new one to be carried out. |
| 590 ## - LOCAL NOTE (RLIN) | |
| Local note | KA NTK |
| 651 #4 - SUBJECT ADDED ENTRY--GEOGRAPHIC NAME | |
| Geographic name | Scotland |
| Chronological subdivision | 1999- |
| 690 ## - LOCAL SUBJECT ADDED ENTRY--TOPICAL TERM (OCLC, RLIN) | |
| Topical term or geographic name as entry element | Residential property |
| 9 (RLIN) | 6266 |
| 856 40 - ELECTRONIC LOCATION AND ACCESS | |
| Uniform Resource Identifier | <a href="https://www.estateagenttoday.co.uk/news_features/Home-Reports-unpopular-with-sellers-sounds-familiar">https://www.estateagenttoday.co.uk/news_features/Home-Reports-unpopular-with-sellers-sounds-familiar</a> |
| Public note | View the news article free of charge at www.estateagenttoday.co.uk |
| 942 ## - ADDED ENTRY ELEMENTS (KOHA) | |
| Suppress in OPAC | 0 |
| Withdrawn status | Lost status | Source of classification or shelving scheme | Damaged status | Not for loan | Home library | Current library | Shelving location | Date acquired | Total Checkouts | Full call number | Barcode | Date last seen | Copy number | Price effective from | Koha item type |
|---|---|---|---|---|---|---|---|---|---|---|---|---|---|---|---|
| Dewey Decimal Classification | Virtual | Virtual | Online | 05/03/2012 | ONLINE PUBLICATION | 155126-2001 | 06/08/2019 | 1 | 06/08/2019 | Journal article |